00461nam a2200193Ia 4500008004100000020001800041050001400059100002400073245002100097245002400118260001500142260001600157260000900173300001500182300002700197300001000224440002500234500000800259170918s9999 xx 000 0 und d a9780439751056 bL695 2006 aLiberatore, Theresa aSeeds of peace / cTheresa Liberatore. aNew York : bScholastic, c2006 a16 pages : bcolored illustration ; c23cm. aScholastic FX books. a430